• 首页
  • 本馆介绍
  • 公告通知
  • 最新文献
  • 馆藏检索
  • 电子资源
  • 读者导购
  • 参考咨询
  • 我的图书馆
  • 登录
  • 详细信息显示
  • 放入我的书架
  • 预约/预借图书
  • 作者相关作品
  • 分类相关作品
  • 丛书相关作品
  • 出版社相关作品

书目信息

  • 表格格式
  • 工作单格式
  • 卡片格式
题名:
汽车底盘构造与拆装
    
 
作者: 杨景军 主编
分册:  
出版信息: 北京   北京邮电大学出版社  2017.08
页数: 239页
开本: 26cm
丛书名:
单 册:
中图分类: U463.1 , U472.41
科图分类:
主题词: 汽车--底盘--结构--职业教育--教材 , 汽车--底盘--装配(机械)--职业教育--教材
电子资源:
ISBN: 978-7-5635-5233-7
000 00911nam0 2200253 450
001 148
005 20180921094916.81
010    @a978-7-5635-5233-7@dCNY48.00
100    @a20180217d2017 em y0chiy50 ea
101 0  @achi
102    @aCN@b110000
105    @aa z 000yy
200 1  @a汽车底盘构造与拆装@9qi che di pan gou zao yu chai zhuang@f杨景军主编
210    @a北京@c北京邮电大学出版社@d2017.08
215    @a239页@c图@d26cm
300    @a全国职业教育汽车类“十三五”规划教材
330    @a本书以工作任务为导向设置课程体系,共分四个项目:传动系统构造与拆装;行驶系统构造与拆装;转向系统构造与拆装;制动系统构造与拆装。每个项目下设4个学习任务。
606 0  @a汽车@x底盘@x结构@x职业教育@j教材
606 0  @a汽车@x底盘@x装配(机械)@x职业教育@j教材
690    @aU463.1@v5
690    @aU472.41@v5
701  0 @a杨景军@9yang jing jun@4主编
801  0 @aCN@b91MARC@c20180217
905    @aMuseLib@dU463.1@e691
    
    汽车底盘构造与拆装/杨景军主编.-北京:北京邮电大学出版社,2017.08
    239页:图;26cm
    全国职业教育汽车类“十三五”规划教材
    
    ISBN 978-7-5635-5233-7:CNY48.00
    本书以工作任务为导向设置课程体系,共分四个项目:传动系统构造与拆装;行驶系统构造与拆装;转向系统构造与拆装;制动系统构造与拆装。每个项目下设4个学习任务。
●
相关链接 在E读中查询图书 在五车中查询图书 在当当中查询图书 在豆瓣中查询图书


正题名:汽车底盘构造与拆装     索取号:U463.1/691         预约/预借

序号 登录号 条形码 馆藏地/架位号 状态 备注
1 1118454   211184546   第二样本阅览室/ [索取号:U463.1/691] 在馆    
2 1118455   211184555   第三借阅区/ [索取号:U463.1/691] 在馆    
3 1118456   211184564   第三借阅区/ [索取号:U463.1/691] 在馆    
4 1118457   211184573   第三借阅区/ [索取号:U463.1/691] 在馆    
5 1118458   211184582   第三借阅区/ [索取号:U463.1/691] 在馆    
唐山师范学院图书馆 欢迎您!
大连网信软件有限公司© 版权所有